[Event "Cheliabinsk Lozovatsky Memorial-A"]
[Site "Cheliabinsk"]
[Date "2022.01.31"]
[Round "10"]
[White "Zhigalko, Andrey"]
[Black "Matinian, Nikita"]
[Result "1/2-1/2"]
[WhiteElo "2519"]
[BlackElo "2454"]
[PlyCount "85"]
[EventDate "2022.01.22"]
[EventType "swiss"]
[EventRounds "10"]
[EventCountry "RUS"]
[SourceTitle "CBM 206 Extra"]
[Source "ChessBase"]
[SourceDate "2022.03.31"]
[SourceVersion "1"]
[SourceVersionDate "2022.03.31"]
[SourceQuality "1"]

1. e4 c5 2. Nf3 e6 3. c4 Nc6 4. Nc3 Nf6 5. Be2 d5 6. exd5 exd5 7. d4 cxd4 8. Nxd4 Bc5 9. Nb3 Bb4 10. 0-0 dxc4 11. Qxd8+ Nxd8 12. Bxc4 0-0 13. Nd5 Nxd5 14. Bxd5 Be6 15. Rd1 Rc8 16. Be3 Rc2 17. Nd4 Rxb2 18. Nxe6 Nxe6 19. Rab1 Rxb1 20. Rxb1 a5 21. Bxb7 Rd8 22. g3 f5 23. Rc1 Bd2 24. Bxd2 Rxd2 25. Ba6 Kf7 26. Rc6 Ng5 27. Bc4+ Ke7 28. Rc7+ Kf6 29. Rc6+ Ke7 30. Rc7+ Kd6 31. Rxg7 Nh3+ 32. Kf1 Nxf2 33. Ke1 Rc2 34. Rxh7 Ng4 35. Bb3 Rxh2 36. Rxh2 Nxh2 37. Ke2 Ke5 38. Bc2 Ng4 39. Kd3 Nf2+ 40. Kc4 Ne4 41. Kb5 Nxg3 42. Bxf5 Nxf5 43. Kxa5 1/2-1/2

[Event "Cheliabinsk Lozovatsky Memorial-A"]
[Site "Cheliabinsk"]
[Date "2022.01.28"]
[Round "7"]
[White "Suleymenov, Alisher"]
[Black "Zhigalko, Andrey"]
[Result "1/2-1/2"]
[WhiteElo "2418"]
[BlackElo "2519"]
[PlyCount "112"]
[EventDate "2022.01.22"]
[EventType "swiss"]
[EventRounds "10"]
[EventCountry "RUS"]
[SourceTitle "CBM 206 Extra"]
[Source "ChessBase"]
[SourceDate "2022.03.31"]
[SourceVersion "1"]
[SourceVersionDate "2022.03.31"]
[SourceQuality "1"]

1. d4 d5 2. c4 c6 3. Nc3 Nf6 4. e3 Bf5 5. cxd5 cxd5 6. Qb3 Nc6 7. Qxb7 Bd7 8. Qb3 Rb8 9. Qd1 e5 10. dxe5 Nxe5 11. Be2 Qc7 12. Nf3 Nxf3+ 13. Bxf3 Bd6 14. h3 0-0 15. 0-0 Rfd8 16. a4 Bh2+ 17. Kh1 Be5 18. Ra3 Be6 19. Ne2 Bxb2 20. Bxb2 Rxb2 21. Qd4 Rdb8 22. Rc1 Rb1 23. Rac3 Rxc1+ 24. Rxc1 Qb6 25. Qe5 Qb2 26. Qxb2 Rxb2 27. Rc7 g5 28. Kg1 Rb1+ 29. Kh2 Rb2 30. Rxa7 h5 31. Nd4 Rxf2 32. Be2 g4 33. hxg4 Bxg4 34. Bxg4 Nxg4+ 35. Kg3 Ra2 36. Nf5 Kh7 37. Ra5 Nf6 38. Ra6 Ne4+ 39. Kh2 f6 40. Ra7+ Kg6 41. Ne7+ Kg5 42. Nxd5 h4 43. Nf4 Nf2 44. Rg7+ Kf5 45. Ng6 Rxa4 46. Kg1 Nd1 47. Ne7+ Ke6 48. Ng8 Ra1 49. Rg6 Kf7 50. Rxf6+ Kxg8 51. Rf1 Rb1 52. e4 Kg7 53. e5 Kg6 54. e6 Nc3 55. Rxb1 Nxb1 56. g3 hxg3 1/2-1/2

[Event "Cheliabinsk Lozovatsky Memorial-A"]
[Site "Cheliabinsk"]
[Date "2022.01.26"]
[Round "5"]
[White "Savitskiy, Sergey"]
[Black "Zhigalko, Andrey"]
[Result "1-0"]
[WhiteElo "2421"]
[BlackElo "2519"]
[PlyCount "65"]
[EventDate "2022.01.22"]
[EventType "swiss"]
[EventRounds "10"]
[EventCountry "RUS"]
[SourceTitle "CBM 206 Extra"]
[Source "ChessBase"]
[SourceDate "2022.03.31"]
[SourceVersion "1"]
[SourceVersionDate "2022.03.31"]
[SourceQuality "1"]

1. e4 c6 2. Nf3 d5 3. d3 Bg4 4. h3 Bh5 5. g4 Bg6 6. h4 dxe4 7. h5 Bxh5 8. Rxh5 exf3 9. Qxf3 g6 10. Rh3 Bg7 11. Nc3 Nf6 12. g5 Nd5 13. Ne4 Nd7 14. c3 Qb6 15. d4 0-0 16. Qg4 Rfd8 17. Qh4 Nf8 18. f4 Rac8 19. Nc5 Nd7 20. Qxh7+ Kf8 21. Ne6+ fxe6 22. Qxg6 N7f6 23. Be2 Rd7 24. f5 exf5 25. gxf6 exf6 26. Bh6 Qxb2 27. Bxg7+ Ke7 28. Bxf6+ Nxf6 29. Qg7+ Ke6 30. Re3+ Ne4 31. Qe5+ Kf7 32. Qxf5+ Kg8 33. Bc4+ 1-0

[Event "Nezhmetdinov Memorial 43rd"]
[Site "Kazan"]
[Date "2021.05.29"]
[Round "1"]
[White "Zhigalko, Andrey"]
[Black "Kungurov, Andrei"]
[Result "1-0"]
[WhiteElo "2517"]
[BlackElo "2012"]
[PlyCount "41"]
[EventDate "2021.05.29"]
[EventType "swiss"]
[EventRounds "9"]
[EventCountry "RUS"]
[SourceTitle "CBM 203 Extra"]
[Source "ChessBase"]
[SourceDate "2021.09.30"]
[SourceVersion "1"]
[SourceVersionDate "2021.09.30"]
[SourceQuality "1"]

1. d4 e6 2. e4 c5 3. d5 exd5 4. exd5 d6 5. c4 Nf6 6. Nc3 Be7 7. h3 0-0 8. Bd3 Nbd7 9. f4 Ne8 10. Nf3 Bh4+ 11. Nxh4 Qxh4+ 12. Kf1 f5 13. Qf3 Ndf6 14. g3 Qh6 15. Bd2 Nc7 16. g4 fxg4 17. hxg4 Bxg4 18. Qg2 Nh5 19. Qxg4 Ng3+ 20. Kg2 Nxh1 21. Rxh1 1-0

[Event "EU-Cup Online Play-C"]
[Site "Tornelo INT"]
[Date "2021.03.29"]
[Round "1.2"]
[White "Zhigalko, Andrey"]
[Black "Howell, David"]
[Result "0-1"]
[WhiteElo "2517"]
[BlackElo "2658"]
[PlyCount "100"]
[EventDate "2021.03.29"]
[EventType "team-tourn (rapid)"]
[EventRounds "5"]
[EventCountry "NET"]
[SourceTitle "CBM 201 Extra"]
[Source "ChessBase"]
[SourceDate "2021.05.31"]
[SourceVersion "1"]
[SourceVersionDate "2021.05.31"]
[SourceQuality "1"]
[WhiteTeam "Svetlana"]
[BlackTeam "Guildford"]
[WhiteTeamCountry "BLR"]
[BlackTeamCountry "ENG"]

1. e4 c6 2. d4 d5 3. exd5 cxd5 4. Bd3 Nc6 5. c3 Qc7 6. h3 g6 7. Ne2 Bf5 8. Bxf5 gxf5 9. Bf4 Qd7 10. Nd2 Nf6 11. Nc1 e6 12. Nd3 Bd6 13. Qf3 h5 14. 0-0-0 Bxf4 15. Qxf4 0-0-0 16. Qh4 Ne4 17. f3 Nd6 18. Rhe1 Rdg8 19. Re2 Qd8 20. Qxd8+ Kxd8 21. h4 Ne7 22. Rh1 Ng6 23. g3 Ke7 24. Nf1 f4 25. Nxf4 Nxf4 26. gxf4 Nf5 27. Kd2 Kf6 28. Ke1 b5 29. a3 a5 30. Kf2 b4 31. axb4 axb4 32. Rc2 Ra8 33. Ne3 Ra2 34. Nxf5 Kxf5 35. Re2 Kxf4 36. Rg1 bxc3 37. bxc3 Rxe2+ 38. Kxe2 Rc8 39. Rg7 f5 40. Kd3 Kxf3 41. Rg6 Re8 42. Rg5 f4 43. Rxh5 Kf2 44. Rh6 f3 45. h5 Ke1 46. Rf6 f2 47. Ke3 f1Q 48. Rxf1+ Kxf1 49. Kf4 Ke2 50. Ke5 Kd3 0-1

[Event "EU-Cup Online Gr-F"]
[Site "Tornelo INT"]
[Date "2021.03.28"]
[Round "8.3"]
[White "Zhigalko, Andrey"]
[Black "Moreau, Teodor"]
[Result "1-0"]
[WhiteElo "2517"]
[BlackElo "2329"]
[PlyCount "63"]
[EventDate "2021.03.27"]
[EventType "team-tourn (rapid)"]
[EventRounds "9"]
[EventCountry "NET"]
[SourceTitle "CBM 201 Extra"]
[Source "ChessBase"]
[SourceDate "2021.05.31"]
[SourceVersion "1"]
[SourceVersionDate "2021.05.31"]
[SourceQuality "1"]
[WhiteTeam "Svetlana"]
[BlackTeam "Wasa"]
[WhiteTeamCountry "BLR"]
[BlackTeamCountry "SWE"]

1. e4 c5 2. Nf3 Nc6 3. d4 cxd4 4. Nxd4 Nf6 5. Nc3 e5 6. Ndb5 d6 7. Bg5 a6 8. Na3 b5 9. Bxf6 gxf6 10. Nd5 Bg7 11. c3 f5 12. exf5 Bxf5 13. Nc2 0-0 14. Nce3 Be6 15. Bd3 f5 16. 0-0 Kh8 17. Qh5 e4 18. Bc2 Ne7 19. Rad1 Nxd5 20. Nxd5 Be5 21. f4 exf3 22. Rxf3 Qd7 23. Nf4 Qf7 24. Qh6 Bd7 25. Rh3 Be8 26. Ng6+ Qxg6 27. Qxf8+ Qg8 28. Qxf5 Ra7 29. Bb3 Qg7 30. Rxh7+ Qxh7 31. Qf8+ Qg8 32. Qxg8# 1-0

[Event "EU-Cup Online Gr-F"]
[Site "Tornelo INT"]
[Date "2021.03.27"]
[Round "1.2"]
[White "Isik, Alparslan"]
[Black "Zhigalko, Andrey"]
[Result "1-0"]
[WhiteElo "2321"]
[BlackElo "2517"]
[PlyCount "123"]
[EventDate "2021.03.27"]
[EventType "team-tourn (rapid)"]
[EventRounds "9"]
[EventCountry "NET"]
[SourceTitle "CBM 201 Extra"]
[Source "ChessBase"]
[SourceDate "2021.05.31"]
[SourceVersion "1"]
[SourceVersionDate "2021.05.31"]
[SourceQuality "1"]
[WhiteTeam "Apaydin"]
[BlackTeam "Svetlana"]
[WhiteTeamCountry "TUR"]
[BlackTeamCountry "BLR"]

1. Nf3 d5 2. c4 d4 3. g3 Nc6 4. Bg2 e5 5. d3 Nf6 6. 0-0 a5 7. Na3 Bc5 8. Nc2 0-0 9. Bg5 h6 10. Bxf6 Qxf6 11. Nd2 Qe7 12. Rb1 Bd7 13. e3 dxe3 14. fxe3 Nb4 15. Bxb7 Rab8 16. Be4 f5 17. Bd5+ Kh8 18. Nf3 Nxc2 19. Qxc2 Bxe3+ 20. Kh1 c6 21. Nh4 Rf6 22. Bg2 Qd6 23. Rbe1 Bd4 24. b3 Re8 25. Nf3 Bb6 26. Qc3 Rfe6 27. Re2 Kh7 28. Rfe1 e4 29. Nh4 Qxd3 30. Qc1 e3 31. Bf3 Qd6 32. Rd1 Qc7 33. c5 Ba7 34. Nxf5 Rf6 35. Nd4 Qe5 36. Rd3 Rxf3 37. Nxf3 Qh5 38. Rexe3 Bf5 39. Rxe8 Bxd3 40. Re3 Be4 41. Kg2 Bd5 42. Rc3 g5 43. h3 g4 44. hxg4 Qxg4 45. Qf4 Qg7 46. Qf5+ Kg8 47. Re3 Bxc5 48. Re8+ Bf8 49. g4 Bf7 50. Re2 Bg6 51. Qf4 Bf7 52. Qd4 Qg6 53. Ne5 Qg7 54. Nxc6 Qg5 55. Ne5 Be6 56. Kf3 Bg7 57. Qf4 Bd5+ 58. Kg3 Qe7 59. Re3 Bf6 60. Ng6 Qg7 61. Qb8+ Kf7 62. Qe8# 1-0

[Event "Pavlodar op"]
[Site "Pavlodar"]
[Date "2019.11.23"]
[Round "4"]
[White "Zhigalko, Andrey"]
[Black "Yudin, Sergei"]
[Result "1/2-1/2"]
[WhiteElo "2537"]
[BlackElo "2497"]
[PlyCount "50"]
[EventDate "2019.11.21"]
[EventType "swiss"]
[EventRounds "10"]
[EventCountry "KAZ"]
[SourceTitle "CBM 193 Extra"]
[Source "ChessBase"]
[SourceDate "2020.01.31"]
[SourceVersion "1"]
[SourceVersionDate "2020.01.31"]
[SourceQuality "1"]

1. e4 d5 2. exd5 Qxd5 3. Nc3 Qd6 4. d4 Nf6 5. Nf3 c6 6. Ne5 Be6 7. Bf4 Qd8 8. h4 g6 9. h5 gxh5 10. Be2 Nbd7 11. Qd3 Bg7 12. 0-0-0 Nxe5 13. Bxe5 Qa5 14. Bxf6 Bxf6 15. Rxh5 Qc7 16. Ne4 0-0-0 17. Qe3 Bg7 18. Ng5 Bd5 19. c4 h6 20. cxd5 hxg5 21. Rxh8 Bxh8 22. Kb1 Kb8 23. dxc6 Qxc6 24. Qxg5 Qe4+ 25. Bd3 Qxd4 1/2-1/2

[Event "CZE-chT 1920"]
[Site "Czech Republic"]
[Date "2019.10.13"]
[Round "2.3"]
[White "Kantans, Toms"]
[Black "Zhigalko, Andrey"]
[Result "1-0"]
[WhiteElo "2484"]
[BlackElo "2543"]
[PlyCount "85"]
[EventDate "2019.10.12"]
[EventType "team-tourn"]
[EventRounds "11"]
[EventCountry "CZE"]
[SourceTitle "EXT 2020"]
[Source "ChessBase"]
[SourceDate "2019.10.17"]
[SourceVersion "1"]
[SourceVersionDate "2019.10.17"]
[SourceQuality "1"]
[WhiteTeam "Turnov Zikuda"]
[BlackTeam "Frydek Mistek"]
[WhiteTeamCountry "CZE"]
[BlackTeamCountry "CZE"]

1. e4 c5 2. Nf3 d6 3. d4 cxd4 4. Nxd4 Nf6 5. Nc3 a6 6. Bg5 e6 7. f4 Be7 8. Qf3 Qc7 9. 0-0-0 Nbd7 10. g4 b5 11. Bxf6 Nxf6 12. g5 Nd7 13. f5 0-0 14. Rg1 b4 15. Nce2 e5 16. f6 exd4 17. fxe7 Re8 18. Nxd4 Ne5 19. Qb3 a5 20. Rg3 Rxe7 21. Nb5 Qc5 22. Qd5 Qxd5 23. exd5 Bg4 24. Rd4 Rd8 25. c3 Bh5 26. Re3 bxc3 27. Nxc3 Rc7 28. Rh4 Bg6 29. b3 Rf8 30. Rf4 Nd3+ 31. Bxd3 Rxc3+ 32. Kd2 Rc5 33. Bc4 Rfc8 34. Re7 R5c7 35. Rxc7 Rxc7 36. Kc3 Kf8 37. b4 axb4+ 38. Kxb4 Ke7 39. a4 Kd8 40. Kb5 Ra7 41. a5 Kc7 42. a6 Ra8 43. Ka5 1-0

[Event "Cheliabinsk Kurnosov Memorial rapid"]
[Site "Cheliabinsk"]
[Date "2019.09.08"]
[Round "11"]
[White "Yudin, Sergei"]
[Black "Zhigalko, Andrey"]
[Result "1-0"]
[WhiteElo "2494"]
[BlackElo "2539"]
[PlyCount "63"]
[EventDate "2019.09.06"]
[EventType "swiss (rapid)"]
[EventRounds "11"]
[EventCountry "RUS"]
[SourceTitle "EXT 2020"]
[Source "ChessBase"]
[SourceDate "2019.10.17"]
[SourceVersion "1"]
[SourceVersionDate "2019.10.17"]
[SourceQuality "1"]

1. e4 c5 2. Nf3 d6 3. c3 Nf6 4. h3 Nc6 5. Bd3 d5 6. e5 Nd7 7. Bb5 Qb6 8. Na3 e6 9. d3 Qc7 10. Qe2 a6 11. Bxc6 Qxc6 12. Nc2 b6 13. 0-0 a5 14. Rd1 h6 15. Bf4 Ba6 16. Qd2 f5 17. exf6 gxf6 18. d4 0-0-0 19. b4 Rg8 20. bxc5 bxc5 21. Ne3 e5 22. dxe5 d4 23. cxd4 Qxf3 24. Bg3 Rxg3 25. fxg3 Qxg3 26. Nf5 Qg6 27. Qc2 Kb8 28. e6 Nb6 29. Rab1 Ka7 30. Rxb6 Kxb6 31. Rb1+ Kc7 32. Qb3 1-0

[Event "Eurasia Cup op"]
[Site "Ekaterinburg"]
[Date "2019.08.07"]
[Round "7"]
[White "Zhigalko, Andrey"]
[Black "Akhtariev, Andrey"]
[Result "1-0"]
[WhiteElo "2549"]
[BlackElo "2243"]
[PlyCount "99"]
[EventDate "2019.07.31"]
[EventType "swiss"]
[EventRounds "9"]
[EventCountry "RUS"]
[SourceTitle "CBM 191 Extra"]
[Source "ChessBase"]
[SourceDate "2019.09.30"]
[SourceVersion "1"]
[SourceVersionDate "2019.09.30"]
[SourceQuality "1"]

1. e4 e5 2. Nf3 Nf6 3. Nc3 Bb4 4. Nxe5 0-0 5. Be2 Re8 6. Nd3 Bxc3 7. dxc3 Nxe4 8. 0-0 d6 9. Re1 Bf5 10. Bf1 Nc6 11. Bf4 Qd7 12. h3 h6 13. a4 Re7 14. a5 a6 15. Nb4 Nxb4 16. cxb4 Rae8 17. c4 Nf6 18. Rxe7 Qxe7 19. b5 Qe4 20. Be3 Qe6 21. Ra3 Nd7 22. b4 Ne5 23. Rc3 Qg6 24. Bd4 Bc8 25. Rg3 Qf5 26. Qd2 Ng6 27. Kh2 Qh5 28. Bc3 Qh4 29. b6 cxb6 30. axb6 Qe7 31. Bd3 Qe6 32. f4 f5 33. Bb1 Kh7 34. Qd4 Re7 35. Bc2 Bd7 36. Bd1 Be8 37. Bf3 Qd7 38. Bd5 Nf8 39. c5 dxc5 40. bxc5 Bg6 41. Qc4 Qd8 42. Be5 a5 43. Bd6 Rd7 44. Bc7 Qc8 45. Bxb7 Qxb7 46. c6 Qc8 47. cxd7 Nxd7 48. Qe6 Be8 49. Qxf5+ Kg8 50. Be5 1-0

[Event "Eurasia Cup op"]
[Site "Ekaterinburg"]
[Date "2019.08.06"]
[Round "6"]
[White "Nesterov, Arseniy"]
[Black "Zhigalko, Andrey"]
[Result "1-0"]
[WhiteElo "2451"]
[BlackElo "2549"]
[PlyCount "83"]
[EventDate "2019.07.31"]
[EventType "swiss"]
[EventRounds "9"]
[EventCountry "RUS"]
[SourceTitle "CBM 191 Extra"]
[Source "ChessBase"]
[SourceDate "2019.09.30"]
[SourceVersion "1"]
[SourceVersionDate "2019.09.30"]
[SourceQuality "1"]

1. d4 Nf6 2. c4 g6 3. Nc3 Bg7 4. e4 d6 5. Be2 0-0 6. Bg5 Na6 7. Qd2 Qe8 8. Bd1 Qc6 9. Qe2 h6 10. Bd2 Qb6 11. Nf3 c5 12. e5 Nh5 13. dxc5 Nxc5 14. 0-0 Qxb2 15. Rb1 Qa3 16. Nd5 Qxa2 17. Rb5 Bd7 18. Ra5 Qb2 19. Qe3 b6 20. Bc3 Qb1 21. Nxe7+ Kh7 22. Rxc5 bxc5 23. Nd2 Qb6 24. Bxh5 dxe5 25. Bf3 Rae8 26. Nd5 Qc6 27. Ra1 a6 28. Nb3 e4 29. Bxg7 Kxg7 30. Bxe4 Qd6 31. Qc3+ Qe5 32. Nxc5 Bc6 33. Qxe5+ Rxe5 34. f4 Ree8 35. Rxa6 Rc8 36. Nd3 Bb7 37. Ra4 Rfe8 38. Bf3 g5 39. Ra7 Ba8 40. Ne5 Rf8 41. Nb6 Rc5 42. Bxa8 1-0

[Event "Eurasia Cup op"]
[Site "Ekaterinburg"]
[Date "2019.07.31"]
[Round "1"]
[White "Zhigalko, Andrey"]
[Black "Grebnev, Aleksey"]
[Result "1-0"]
[WhiteElo "2549"]
[BlackElo "2093"]
[PlyCount "45"]
[EventDate "2019.07.31"]
[EventType "swiss"]
[EventRounds "9"]
[EventCountry "RUS"]
[SourceTitle "CBM 191 Extra"]
[Source "ChessBase"]
[SourceDate "2019.09.30"]
[SourceVersion "1"]
[SourceVersionDate "2019.09.30"]
[SourceQuality "1"]

1. d4 Nf6 2. c4 g6 3. Nc3 Bg7 4. e4 d6 5. Be2 0-0 6. Nf3 Nbd7 7. 0-0 e5 8. Be3 exd4 9. Nxd4 Re8 10. f3 a5 11. Ndb5 Ne5 12. c5 dxc5 13. Qxd8 Rxd8 14. Nxc7 Rb8 15. Bxc5 Bd7 16. Rfd1 Nc6 17. Kf2 Bf8 18. Bb6 Be8 19. N7d5 Nxd5 20. exd5 Nb4 21. a3 Na6 22. Ne4 Bg7 23. d6 1-0

[Event "Samara Polugaevsky Memorial 9th"]
[Site "Samara"]
[Date "2019.07.11"]
[Round "2"]
[White "Zhigalko, Andrey"]
[Black "Kulaev, Maxim"]
[Result "1/2-1/2"]
[WhiteElo "2549"]
[BlackElo "2177"]
[PlyCount "96"]
[EventDate "2019.07.10"]
[EventType "swiss"]
[EventRounds "9"]
[EventCountry "RUS"]
[SourceTitle "EXT 2020"]
[Source "ChessBase"]
[SourceDate "2019.10.17"]
[SourceVersion "1"]
[SourceVersionDate "2019.10.17"]
[SourceQuality "1"]

1. d4 e6 2. c4 d5 3. Nc3 c6 4. e3 Nf6 5. Nf3 Nbd7 6. Be2 dxc4 7. a4 Bd6 8. Nd2 e5 9. Nxc4 Bc7 10. b3 0-0 11. Ba3 Re8 12. 0-0 e4 13. Bd6 Nb6 14. Bxc7 Qxc7 15. Nxb6 Qxb6 16. Bc4 Bf5 17. f3 exf3 18. Qxf3 Bg6 19. a5 Qb4 20. e4 Bxe4 21. Nxe4 Rxe4 22. Bxf7+ Kh8 23. Bc4 Rd8 24. Qg3 Qd6 25. Qxd6 Rxd6 26. Rae1 Rdxd4 27. Rxe4 Rxe4 28. Rd1 g5 29. Rd6 Kg7 30. a6 Re1+ 31. Bf1 bxa6 32. Rxc6 Ne4 33. Re6 Kf7 34. Re5 Kf6 35. Re8 Kf7 36. Rd8 Rb1 37. Rd4 Nc5 38. b4 Ne6 39. Re4 Kf6 40. Kf2 Rb2+ 41. Kf3 Rb3+ 42. Kf2 Rb2+ 43. Kf3 h5 44. Bxa6 g4+ 45. Kg3 Ng7 46. Bc8 Rc2 47. Bd7 Rd2 48. Bc8 Rc2 1/2-1/2

[Event "CZE-chT 1819"]
[Site "Czech Republic"]
[Date "2019.04.19"]
[Round "9.4"]
[White "Molenda, Marcin"]
[Black "Zhigalko, Andrey"]
[Result "1/2-1/2"]
[WhiteElo "2378"]
[BlackElo "2543"]
[PlyCount "47"]
[EventDate "2018.11.03"]
[EventType "team-tourn"]
[EventRounds "11"]
[EventCountry "CZE"]
[SourceTitle "CBM 190 Extra"]
[Source "ChessBase"]
[SourceDate "2019.07.15"]
[SourceVersion "1"]
[SourceVersionDate "2019.07.15"]
[SourceQuality "1"]
[WhiteTeam "Cesky Tesin Slavoj"]
[BlackTeam "Frydek Mistek"]
[WhiteTeamCountry "CZE"]
[BlackTeamCountry "CZE"]

1. d4 Nf6 2. c4 g6 3. g3 Bg7 4. Bg2 d5 5. cxd5 Nxd5 6. Nf3 Nb6 7. 0-0 Nc6 8. e3 e5 9. Nc3 exd4 10. exd4 0-0 11. Bg5 Qd6 12. Bf4 Qd8 13. Bg5 Qd6 14. Bf4 Qb4 15. Qb3 Qxb3 16. axb3 Be6 17. Bxc7 Nd5 18. Bd6 Rfd8 19. Bc5 b6 20. Ba3 h6 21. Rad1 Rac8 22. Nb5 a6 23. Nd6 Rc7 24. Rc1 1/2-1/2

[Event "EU-ch 20th"]
[Site "Skopje"]
[Date "2019.03.25"]
[Round "7"]
[White "Nikolovski, Nikola"]
[Black "Zhigalko, Andrey"]
[Result "0-1"]
[WhiteElo "2404"]
[BlackElo "2541"]
[PlyCount "88"]
[EventDate "2019.03.18"]
[EventType "swiss"]
[EventRounds "11"]
[EventCountry "MKD"]
[SourceTitle "CBM 189"]
[Source "ChessBase"]
[SourceDate "2019.04.29"]
[SourceVersion "1"]
[SourceVersionDate "2019.04.29"]
[SourceQuality "1"]

1. e4 c5 2. Nf3 Nc6 3. d4 cxd4 4. Nxd4 Qb6 5. Nb3 Nf6 6. Nc3 e6 7. Be3 Qc7 8. a3 a6 9. f4 d6 10. g4 b5 11. g5 Nd7 12. h4 Be7 13. Qd2 Bb7 14. h5 Nc5 15. Qf2 Rc8 16. Bg2 h6 17. g6 0-0 18. Bh3 Nxb3 19. gxf7+ Rxf7 20. cxb3 Rf6 21. Bb6 Qb8 22. Rg1 Bf8 23. 0-0-0 b4 24. axb4 Nxb4 25. Kb1 Rxc3 26. bxc3 Bxe4+ 27. Ka1 Nd5 28. Rxd5 Bxd5 29. c4 Be4 30. Qe3 d5 31. c5 e5 32. Qc3 Rxf4 33. Qa5 Rf6 34. b4 Qe8 35. Bg4 Bd3 36. Bc7 e4 37. Qa2 Bc4 38. Qb2 d4 39. Qxd4 Qa4+ 40. Kb2 Qxb4+ 41. Kc1 Bxc5 42. Be6+ Bxe6 43. Qxf6 Be3+ 44. Kc2 Qb3# 0-1

[Event "EU-ch 20th"]
[Site "Skopje"]
[Date "2019.03.21"]
[Round "4"]
[White "Zhigalko, Andrey"]
[Black "Erdos, Viktor"]
[Result "0-1"]
[WhiteElo "2541"]
[BlackElo "2612"]
[PlyCount "100"]
[EventDate "2019.03.18"]
[EventType "swiss"]
[EventRounds "11"]
[EventCountry "MKD"]
[SourceTitle "CBM 189"]
[Source "ChessBase"]
[SourceDate "2019.04.29"]
[SourceVersion "1"]
[SourceVersionDate "2019.04.29"]
[SourceQuality "1"]

1. e4 e5 2. Nf3 Nc6 3. Bb5 a6 4. Ba4 Nf6 5. 0-0 Be7 6. Re1 b5 7. Bb3 d6 8. c3 0-0 9. h3 Re8 10. d4 Bb7 11. Nbd2 Bf8 12. a4 exd4 13. cxd4 Qd7 14. axb5 axb5 15. Rxa8 Bxa8 16. Ng5 Nd8 17. e5 Nd5 18. Ndf3 h6 19. Ne4 Nb4 20. Qd2 Bd5 21. Qxb4 Bxe4 22. Rxe4 d5 23. Qe1 dxe4 24. Qxe4 c5 25. Bc2 g6 26. d5 f5 27. Qd3 c4 28. Qd4 Bg7 29. g4 Nf7 30. e6 Qe7 31. exf7+ Qxf7 32. Qd1 Rd8 33. d6 fxg4 34. hxg4 Qe6 35. Bf4 Bxb2 36. g5 h5 37. Kg2 Ba3 38. Bg3 Bxd6 39. Nh4 Bc7 40. Qf3 Bxg3 41. Nxg6 Bxf2 42. Kxf2 Re8 43. Qd1 b4 44. Qd2 b3 45. Nf4 Rf8 46. Bd1 Qf5 47. Kf3 Qg4+ 48. Ke4 Re8+ 49. Kd4 Rd8+ 50. Kxc4 Qc8+ 0-1

[Event "EU-ch 20th"]
[Site "Skopje"]
[Date "2019.03.19"]
[Round "2"]
[White "Zhigalko, Andrey"]
[Black "Kovalev, Vladislav"]
[Result "1-0"]
[WhiteElo "2541"]
[BlackElo "2703"]
[PlyCount "95"]
[EventDate "2019.03.18"]
[EventType "swiss"]
[EventRounds "11"]
[EventCountry "MKD"]
[SourceTitle "CBM 189"]
[Source "ChessBase"]
[SourceDate "2019.04.29"]
[SourceVersion "1"]
[SourceVersionDate "2019.04.29"]
[SourceQuality "1"]

1. e4 e5 2. Nf3 Nc6 3. Bb5 a6 4. Ba4 d6 5. 0-0 Bd7 6. c3 g6 7. d4 Bg7 8. Re1 b5 9. Bc2 exd4 10. cxd4 Bg4 11. d5 Ne5 12. Nbd2 Bh6 13. h3 Bxd2 14. Bxd2 Bxf3 15. gxf3 g5 16. a4 b4 17. Bxb4 Qf6 18. Re3 Ne7 19. Bd3 N7g6 20. Rc1 h5 21. Rxc7 g4 22. Bc3 gxh3 23. Kh1 h2 24. f4 Nxf4 25. Bf1 h4 26. Bxe5 dxe5 27. Qg4 Kf8 28. Rec3 Ng6 29. Rf3 Nf4 30. Rfc3 Ng6 31. Qf5 Qxf5 32. exf5 Nf4 33. f6 Kg8 34. Bd3 Nxd3 35. Rxd3 Kh7 36. Rxf7+ Kg6 37. Re7 Kxf6 38. Re6+ Kf5 39. Re3 Rab8 40. R6xe5+ Kf4 41. R5e4+ Kf5 42. b4 Rbc8 43. Rd4 Rc1+ 44. Kxh2 Rc2 45. Kg2 Kg5 46. d6 Rf8 47. d7 Rfxf2+ 48. Kg1 1-0

[Event "CZE-chT 1819"]
[Site "Czech Republic"]
[Date "2019.01.13"]
[Round "6.3"]
[White "Zhigalko, Andrey"]
[Black "Dziuba, Marcin"]
[Result "1/2-1/2"]
[WhiteElo "2543"]
[BlackElo "2573"]
[PlyCount "71"]
[EventDate "2018.11.03"]
[EventType "team-tourn"]
[EventRounds "11"]
[EventCountry "CZE"]
[SourceTitle "CBM 188 Extra"]
[Source "ChessBase"]
[SourceDate "2019.02.26"]
[SourceVersion "1"]
[SourceVersionDate "2019.02.26"]
[SourceQuality "1"]
[WhiteTeam "Frydek Mistek"]
[BlackTeam "Ostrava Labortech"]
[WhiteTeamCountry "CZE"]
[BlackTeamCountry "CZE"]

1. e4 c5 2. Nf3 d6 3. d4 cxd4 4. Nxd4 Nf6 5. Nc3 a6 6. Be3 e5 7. Nb3 Be7 8. f3 Be6 9. Qd2 0-0 10. 0-0-0 Nbd7 11. g4 b5 12. g5 Nh5 13. Nd5 Bxd5 14. exd5 f6 15. g6 hxg6 16. Na5 Qe8 17. Nc6 f5 18. Kb1 Bh4 19. Qb4 f4 20. Ba7 Rxa7 21. Nxa7 Nc5 22. Nc6 Nf6 23. c4 bxc4 24. Qxc4 a5 25. Nxa5 e4 26. Be2 Nfd7 27. Qc2 Ne5 28. Rhf1 e3 29. a3 Bf6 30. Rc1 Qa8 31. b4 Rb8 32. Ka2 Qxd5+ 33. Bc4 Nxc4 34. Qxc4 Qxc4+ 35. Rxc4 Nd3 36. Rc2 1/2-1/2

[Event "Wch Blitz"]
[Site "St Petersburg"]
[Date "2018.12.30"]
[Round "17"]
[White "Tomashevsky, Evgeny"]
[Black "Zhigalko, Andrey"]
[Result "1-0"]
[WhiteElo "2705"]
[BlackElo "2545"]
[PlyCount "75"]
[EventDate "2018.12.29"]
[EventType "swiss (blitz)"]
[EventRounds "21"]
[EventCountry "RUS"]
[SourceTitle "CBM 187 Extra"]
[Source "ChessBase"]
[SourceDate "2018.11.04"]
[SourceVersion "1"]
[SourceVersionDate "2018.11.04"]
[SourceQuality "1"]

1. d4 Nf6 2. Nf3 d5 3. c4 e6 4. e3 b6 5. cxd5 exd5 6. Bb5+ c6 7. Be2 Bd6 8. b3 Qe7 9. 0-0 0-0 10. Bb2 Bf5 11. Ne5 Nfd7 12. Nd3 Nf6 13. Ne5 Nfd7 14. Bd3 Bxd3 15. Nxd3 Na6 16. Nd2 Nb4 17. Nxb4 Bxb4 18. Rc1 Rac8 19. Nf3 Bd6 20. Qd3 f5 21. Rc2 g5 22. Rfc1 g4 23. Ne5 Nxe5 24. dxe5 Bxe5 25. Bxe5 Qxe5 26. Rxc6 Rxc6 27. Rxc6 Qa1+ 28. Qf1 Qxa2 29. Qd1 Qa5 30. g3 Qb5 31. Rd6 Rf7 32. Rxd5 Qc6 33. Rd6 Qc5 34. Rd8+ Kg7 35. Qa1+ Kh6 36. Rg8 Qd6 37. h3 gxh3 38. Qf1 1-0